{"text_format":"3","workbook":"xlsx","n_sheets":1,"sheets":["Предмет"],"not_rendered":{"external_links":1,"defined_names":8},"read":"whole","date_system":"1900"}

{"sheet":"Предмет","index":0,"n_rows":159,"n_cols":14,"rows_kept":159}
["№",null,"Фамилия",null,null,"Пол",null,"Участник с ОВЗ","Класс","Класс участия","Балл","Макс. Балл","Статус","Призер МЭ прошлого года"]
[1,null,3,null,null,6,null,8,9,10,11,12,13,14]
[1,null,{"$f":"[1]Предмет!C17","v":"Авдейчук "},null,null,{"$f":"[1]Предмет!F17","v":"м"},null,{"$f":"[1]Предмет!H17","v":"нет"},{"$f":"[1]Предмет!I17","v":5},{"$f":"[1]Предмет!J17","v":5},16.3,25,"призер",{"$f":"[1]Предмет!N17","v":"нет"}]
[2,null,"Радюк ",null,null,"м",null,"нет",5,5,16.3,25,"призер","нет"]
[3,null,"Игнатьева ",null,null,"ж",null,"нет",5,5,13.4,25,"призер","нет"]
[4,null,"Радюк ",null,null,"м",null,"нет",5,5,17.1,25,"призер","нет"]
[5,null,"Асафова",null,null,"ж",null,"нет",5,5,19.3,25,"призер","нет"]
[6,null,"Ахметшин ",null,null,"м",null,"нет",5,5,8.1,25,"участник","нет"]
[7,null,"Насыбуллин ",null,null,"м",null,"нет",5,5,18.6,25,"призер","нет"]
[8,null,"Васильев",null,null,"м",null,"нет",5,5,19.6,25,"призер","нет"]
[9,null,"Гильмутдинова ",null,null,"ж",null,"нет",5,5,17.8,25,"призер","нет"]
[10,null,"Исайкин",null,null,"м",null,"нет",5,5,9.8,25,"участник","нет"]
[11,null,"Каюмова",null,null,"ж",null,"нет",5,5,18.3,25,"призер","нет"]
[12,null,"Белов ",null,null,"м",null,"нет",5,5,15.5,25,"призер","нет"]
[13,null,"Валеева ",null,null,"ж",null,"нет",5,5,7.2,25,"участник","нет"]
[14,null,"Валиева ",null,null,"ж",null,"нет",5,5,18.3,25,"призер","нет"]
[15,null,"Валиева ",null,null,"ж",null,"нет",5,5,14,25,"призер","нет"]
[16,null,"Зиганшин ",null,null,"м",null,"нет",5,5,18.1,25,"призер","нет"]
[17,null,"Крысова",null,null,"ж",null,"нет",5,5,18.6,25,"призер","нет"]
[18,null,"Зиганшин ",null,null,"м",null,"нет",5,5,19.3,25,"призер","нет"]
[19,null,"Паймулин",null,null,"м",null,"нет",5,5,15.5,25,"призер","нет"]
[20,null,"Пранайтис ",null,null,"м",null,"нет",5,5,12.4,25,"участник","нет"]
[21,null,"Лисенко ",null,null,"м",null,"нет",5,5,17.8,25,"призер","нет"]
[23,null,"Фасхутдинова",null,null,"ж",null,"нет",5,5,12.5,25,"призер","нет"]
[24,null,"Тимербаев ",null,null,"м",null,"нет",5,5,21.6,25,"призер","нет"]
[25,null,"Мавлюдова ",null,null,"ж",null,"нет",5,5,19.6,25,"призер","нет"]
[26,null,"Фатихов",null,null,"м",null,"нет",5,5,18.3,25,"призер","нет"]
[27,null,"Латифоглу ",null,null,"м",null,"нет",5,5,14,25,"призер","нет"]
[28,null,"Герасимова ",null,null,"ж",null,"нет",5,5,19.3,25,"призер","нет"]
[29,null,"Зайнутдинова ",null,null,"ж",null,"нет",5,5,16,25,"призер","нет"]
[30,null,"Беляев ",null,null,"м",null,"нет",5,5,19.6,25,"призер","нет"]
[31,null,"Клевина ",null,null,"ж",null,"нет",5,5,17.8,25,"призер","нет"]
[32,null,"Кабирова ",null,null,"ж",null,"нет",5,5,7.7,25,"участник","нет"]
[33,null,"Шакиров ",null,null,"м",null,"нет",5,5,18.3,25,"призер","нет"]
[34,null,"Гарипова ",null,null,"ж",null,"нет",5,5,15.5,25,"призер","нет"]
[35,null,"Оголихина ",null,null,"ж",null,"нет",5,5,16,25,"призер","нет"]
[36,null,"Каримов",null,null,"м",null,"нет",5,5,22,25,"победитель","нет"]
[37,null,"Каримова ",null,null,"ж",null,"нет",5,5,21.1,25,"призер","нет"]
[38,null,"Шакирова ",null,null,"ж",null,"нет",5,5,20.8,25,"призер","нет"]
[39,null,"Шафигуллин ",null,null,"ж",null,"нет",5,5,22.3,25,"победитель","нет"]
[40,null,"Гибадуллина ",null,null,"ж",null,"нет",5,5,20.3,25,"призер","нет"]
[41,null,"Габдулхакова ",null,null,"ж",null,"нет",5,5,15,25,"призер","нет"]
[42,null,"Афонин ",null,null,"м",null,"нет",5,5,19.6,25,"призер","нет"]
[43,null,"Шамсутдинова ",null,null,"ж",null,"нет",6,6,13.1,25,"призер","нет"]
[44,null,"Шишлянников ",null,null,"м",null,"нет",6,6,22.1,25,"победитель","нет"]
[45,null,"Валиева ",null,null,"ж",null,"нет",6,6,19.3,25,"призер","нет"]
[46,null,"Гайнутдинова",null,null,"ж",null,"нет",6,6,19,25,"призер","нет"]
[47,null,"Гилязетдинова ",null,null,"ж",null,"нет",6,6,18.1,25,"призер","нет"]
[48,null,"Гумарова ",null,null,"ж",null,"нет",6,6,11.1,25,"участник","нет"]
[49,null,"Миндубаева ",null,null,"ж",null,"нет",6,6,17.3,25,"призер","нет"]
[50,null,"Хайриева",null,null,"ж",null,"нет",6,6,20,25,"призер","нет"]
[51,null,"Алеев ",null,null,"м",null,"нет",6,6,15,25,"призер","нет"]
[52,null,"Азизов ",null,null,"м",null,"нет",6,6,18,25,"призер","нет"]
[53,null,"Алехин ",null,null,"м",null,"нет",6,6,16,25,"призер","нет"]
[54,null,"Бисеров ",null,null,"м",null,"нет",6,6,21.3,25,"призер","нет"]
[55,null,"Елизаветин ",null,null,"м",null,"нет",6,6,14.4,25,"призер","нет"]
[56,null,"Зайнуллин ",null,null,"м",null,"нет",6,6,18.6,25,"призер","нет"]
[57,null,"Зиннурова ",null,null,"ж",null,"нет",6,6,19.8,25,"призер","нет"]
[58,null,"Иванова ",null,null,"ж",null,"нет",6,6,19.8,25,"призер","нет"]
[59,null,"Кадыйров ",null,null,"м",null,"нет",6,6,15.8,25,"призер","нет"]
[60,null,"Мустафина ",null,null,"ж",null,"нет",6,6,16.6,25,"призер","нет"]
[61,null,"Поляков ",null,null,"м",null,"нет",6,6,20.6,25,"призер","нет"]
[62,null,"Рахимзянов ",null,null,"м",null,"нет",6,6,15,25,"призер","нет"]
[63,null,"Сираева",null,null,"ж",null,"нет",6,6,15.5,25,"призер","нет"]
[64,null,"Султанова ",null,null,"ж",null,"нет",6,6,18.6,25,"призер","нет"]
[65,null,"Минимуллин ",null,null,"м",null,"нет",7,7,13.3,30,"участник","нет"]
[66,null,"Калашникова ",null,null,"ж",null,"нет",7,7,0,30,"участник","нет"]
[67,null,"Бойко ",null,null,"ж",null,"нет",7,7,18.8,30,"призер","нет"]
[68,null,"Гейдаров",null,null,"м",null,"нет",7,7,13.3,30,"участник","нет"]
[69,null,"Хамитова ",null,null,"ж",null,"нет",7,7,24.6,30,"победитель","нет"]
[70,null,"Мануров ",null,null,"м",null,"нет",7,7,13.4,30,"участник","нет"]
[71,null,"Кожевникова ",null,null,"ж",null,"нет",7,7,11.4,30,"участник","нет"]
[72,null,"Игнатьев ",null,null,"м",null,"нет",7,7,8,30,"участник","нет"]
[73,null,"Нигматуллин",null,null,"м",null,"нет",7,7,18.5,30,"призер","нет"]
[74,null,"Чаплыгина ",null,null,"ж",null,"нет",7,7,20.1,30,"призер","нет"]
[75,null,"Плясунов",null,null,"м",null,"нет",7,7,16.1,30,"призер","нет"]
[76,null,"Кадыркаев ",null,null,"м",null,"нет",7,7,20.6,30,"призер","нет"]
[77,null,"Карпачев ",null,null,"м",null,"нет",7,7,19.3,30,"призер","нет"]
[78,null,"Кожевникова ",null,null,"ж",null,"нет",7,7,12.4,30,"участник","нет"]
[79,null,"Павлуткина ",null,null,"ж",null,"нет",7,7,15.8,30,"призер","нет"]
[80,null,"Гараева ",null,null,"ж",null,"нет",7,7,21.1,30,"призер","нет"]
[81,null,"Алексеева ",null,null,"ж",null,"нет",7,7,2,30,"участник","нет"]
[82,null,"Тимуршина ",null,null,"ж",null,"нет",7,7,18.3,30,"призер","нет"]
[83,null,"Ямалитдинова Ляйсан Азатовна",null,null,"ж",null,"нет",7,7,13,30,"участник","нет"]
[84,null,"Оголихина",null,null,"ж",null,"нет",7,7,15.4,30,"призер","нет"]
[85,null,"Лизалина ",null,null,"ж",null,"нет",7,7,21.1,30,"призер","нет"]
[86,null,"Сиразов ",null,null,"м",null,"нет",7,7,17.1,30,"призер","нет"]
[87,null,"Амирова",null,null,"ж",null,"нет",7,7,17.1,30,"призер","нет"]
[88,null,"Вознюк",null,null,"ж",null,"нет",7,7,20.6,30,"призер","нет"]
[89,null,"Еникеев ",null,null,"м",null,"нет",7,7,15.1,30,"призер","нет"]
[90,null,"Трифонов ",null,null,"м",null,"нет",7,7,18.6,30,"призер","нет"]
[91,null,"Шешняева ",null,null,"ж",null,"нет",7,7,19.5,30,"призер","нет"]
[92,null,"Шигапов ",null,null,"м",null,"нет",7,7,12.9,30,"участник","нет"]
[93,null,"Клёвин ",null,null,"м",null,"нет",7,7,19.6,30,"призер","нет"]
[94,null,"Курача",null,null,"ж",null,"нет",7,7,17.8,30,"призер","нет"]
[95,null,"Насырова ",null,null,"ж",null,"нет",7,7,22.1,30,"призер","нет"]
[96,null,"Имамова ",null,null,"ж",null,"нет",7,7,17.6,30,"призер","нет"]
[97,null,"Мингазова ",null,null,"ж",null,"нет",7,7,20.3,30,"призер","нет"]
[98,null,"Шакирова ",null,null,"ж",null,"нет",7,7,19.3,30,"призер","нет"]
[99,null,"Любягина ",null,null,"ж",null,"нет",7,7,6.5,30,"участник","нет"]
[100,null,"Анисимов ",null,null,"м",null,"нет",8,8,26.3,33,"призер","нет"]
[101,null,"Воропаева ",null,null,"ж",null,"нет",8,8,13.5,33,"участник","нет"]
[102,null,"Галиуллина ",null,null,"ж",null,"нет",8,8,27.8,33,"победитель","нет"]
[103,null,"Гумарова ",null,null,"ж",null,"нет",8,8,13.4,33,"участник","нет"]
[104,null,"Герасимова ",null,null,"ж",null,"нет",8,8,14.3,33,"участник","нет"]
[105,null,"Егорова ",null,null,"ж",null,"нет",8,8,23.1,33,"призер","нет"]
[106,null,"Кадиров ",null,null,"м",null,"нет",8,8,24.5,33,"призер","нет"]
[107,null,"Минеханова ",null,null,"ж",null,"нет",8,8,25.1,33,"призер","нет"]
[108,null,"Мухаметдинова ",null,null,"ж",null,"нет",8,8,21.3,33,"призер","нет"]
[109,null,"Романов",null,null,"м",null,"нет",8,8,15.5,33,"участник","нет"]
[110,null,"Сафина",null,null,"ж",null,"нет",8,8,20.3,33,"призер","нет"]
[111,null,"Спиридонова ",null,null,"ж",null,"нет",8,8,15.6,33,"участник","нет"]
[112,null,"Шайхетдинов ",null,null,"м",null,"нет",8,8,12.5,33,"участник","нет"]
[113,null,"Мазунова ",null,null,"ж",null,"нет",8,8,16.8,33,"призер","нет"]
[114,null,"Храмов ",null,null,"м",null,"нет",8,8,14.8,33,"участник","нет"]
[115,null,"Бачева ",null,null,"ж",null,"нет",9,9,36.2,56,"призер","нет"]
[116,null,"Шагеева ",null,null,"ж",null,"нет",9,9,44.7,56,"победитель","нет"]
[117,null,"Ситдикова",null,null,"ж",null,"нет",9,9,28.1,56,"призер","да"]
[118,null,"Низамова",null,null,"ж",null,"нет",9,9,23.1,56,"участник","нет"]
[119,null,"Трифонова ",null,null,"ж",null,"нет",9,9,30.1,56,"призер","нет"]
[120,null,"Шагиахметова ",null,null,"ж",null,"нет",9,9,32,56,"призер","нет"]
[121,null,"Ахметянов ",null,null,"м",null,"нет",9,9,30.3,56,"призер","нет"]
[122,null,"Ветлугина ",null,null,"ж",null,"нет",9,9,31.8,56,"призер","нет"]
[123,null,"Исмагилов ",null,null,"м",null,"нет",9,9,9.6,56,"участник","нет"]
[124,null,"Колтун",null,null,"ж",null,"нет",9,9,26.6,56,"участник","нет"]
[125,null,"Хайрутдинова ",null,null,"ж",null,"нет",9,9,26.1,56,"участник","нет"]
[126,null,"Исмаилова ",null,null,"ж",null,"нет",9,9,23.6,56,"участник","нет"]
[127,null,"Бикчантаев ",null,null,"м",null,"нет",9,9,20.1,56,"участник","нет"]
[128,null,"Кондратьева ",null,null,"м",null,"нет",9,9,23.6,56,"участник","нет"]
[129,null,"Магсумова ",null,null,"ж",null,"нет",9,9,24,56,"участник","нет"]
[130,null,"Курлыков ",null,null,"м",null,"нет",9,9,27.6,56,"участник","нет"]
[131,null,"Матренина ",null,null,"ж",null,"нет",9,9,33.2,56,"призер","нет"]
[132,null,"Насретдинова ",null,null,"ж",null,"нет",9,9,32.7,56,"призер","нет"]
[133,null,"Сафина ",null,null,"ж",null,"нет",9,9,29.6,56,"призер","нет"]
[134,null,"Зунига ",null,null,"ж",null,"нет",9,9,32.5,56,"призер","нет"]
[135,null,"Ефимова ",null,null,"ж",null,"нет",9,9,25.1,56,"участник","нет"]
[136,null,"Шакурова ",null,null,"ж",null,"нет",9,9,28.3,56,"призер","нет"]
[137,null,"Салихова",null,null,"ж",null,"нет",9,9,29.6,56,"призер","нет"]
[138,null,"Фаизова ",null,null,"ж",null,"нет",9,9,30.6,56,"призер","нет"]
[139,null,"Чумарин ",null,null,"м",null,"нет",9,9,23.5,56,"участник","нет"]
[140,null,"Шаяхметова ",null,null,"ж",null,"нет",9,9,36,56,"призер","нет"]
[141,null,"Якубовская",null,null,"ж",null,"нет",9,9,26.5,56,"участник","нет"]
[142,null,"Шайхетдинова",null,null,"ж",null,"нет",10,10,31.1,63,"участник","нет"]
[143,null,"Каримова ",null,null,"ж",null,"нет",10,10,51,63,"победитель","да"]
[144,null,"Волкова ",null,null,"ж",null,"нет",10,10,22.3,63,"участник","нет"]
[145,null,"Баранова",null,null,"ж",null,"нет",10,10,40.1,63,"призер","нет"]
[146,null,"Хайриева ",null,null,"ж",null,"нет",10,10,43.7,63,"призер","нет"]
[147,null,"Калачев ",null,null,"м",null,"нет",10,10,47.7,63,"призер","нет"]
[148,null,"Зиннатуллина ",null,null,"ж",null,"нет",10,10,46.6,63,"призер","нет"]
[149,null,"Задворнова ",null,null,"ж",null,"нет",10,10,41.3,63,"призер","нет"]
[150,null,"Гиниятуллина ",null,null,"ж",null,"нет",10,10,31.6,63,"призер","нет"]
[151,null,"Ситсали",null,null,"ж",null,"нет",10,10,8,63,"участник","нет"]
[152,null,"Хайруллина",null,null,"ж",null,"нет",10,10,29.1,63,"участник","нет"]
[153,null,"Миннигалеев ",null,null,"м",null,"нет",10,10,33.7,63,"призер","нет"]
[154,null,"Храмченкова",null,null,"ж",null,"нет",10,10,32.2,63,"призер","нет"]
[155,null,"Хамидуллина ",null,null,"ж",null,"нет",10,10,38.7,63,"призер","нет"]
[156,null,"Латыпова ",null,null,"ж",null,"нет",10,10,18.3,63,"участник","нет"]
[157,null,"Филатова",null,null,"ж",null,"нет",10,10,23.6,63,"участник","нет"]
[158,null,"Меджидова ",null,null,"ж",null,"нет",10,10,43,63,"призер","нет"]